00660nam a2200169 a 450000100100000000500170001000800410002704000250006808200160009310000260010924500970013526000430023230000210027550000630029695201140035999900170047300002740020200930030815.0100824s1993 dr r 000 0 spa d aDO-SdBNPbspacBNPHU axxxxbA561h1 aAndrés, Mateo9720513aEl hombre en busca de paz :bnuevas reflexiones hacia la felicidad humana /cMateo Andrés. aSanto Domingo :bEdiciones MSC,c1993. a238 p. ;c23 cm. aIncluye datos biográficos del autor en la contracubierta 0010718PDaPDbPDcHDd2011-03-31iLF1l0oxxxx A561hp27400-10r2020-06-25w2020-06-25yLFPDZNo se presta c26892d26892